| 000 | 00437nam a2200157 i 4500 | ||
|---|---|---|---|
| 001 | bg | ||
| 100 | 1 | _aGANDOLFO, Giancarlo | |
| 245 | 0 |
_aMathematical Methods and Models in Economic Dynamics / _cGiancarlo Gandolfo. |
|
| 260 |
_aAmsterdam : _bNorth-Holland Publ., _c1971. |
||
| 300 |
_as. 511, nlb. 1 : _brys. |
||
| 040 | _cBPK | ||
| 041 | _apol | ||
| 080 | _a330.115:519.86 | ||
| 942 | _cKS | ||
| 008 | s pl f |000 0 pol | ||
| 999 |
_c15462 _d15462 |
||
| 856 |
_uhttp://koha.tu.koszalin.pl/cgi-bin/koha/opac-detail.pl?biblionumber=15462 _yKatalog online BPK |
||